Statistiken für Euro-Münzen

Klicken Sie hier um das Quiz zu spielen!

Allgemein

  • Dieses Quiz wurde 396 mal gespielt
  • Das Durchschnittsergebnis liegt bei 9 aus 12

Antwortstatistiken

Antwort% Korrekt
Deutschland
100%
Spanien
96%
Griechenland
89%
Estland
85%
Luxemburg
85%
Frankreich
84%
Irland
73%
Italien
73%
Österreich
73%
Belgien
70%
Zypern
47%
Finnland
46%

Verteilung der Resultate

Perzentil nach korrekt beantworteten Fragen

Anzahl Personen mit jedem Resultat

Ihre Resultats-Entwicklung

Sie haben dieses Quiz noch nicht gespielt